People you meet : Những người ta gặp; T2
Spremljeno u:
| Glavni autor: | |
|---|---|
| Format: | Knjiga |
| Jezik: | Undetermined |
| Izdano: |
H.
Văn Hoá
1996
|
| Teme: | |
| Oznake: |
Dodaj oznaku
Bez oznaka, Budi prvi tko označuje ovaj zapis!
|
| Thư viện lưu trữ: | Trung tâm Học liệu Trường Đại học Cần Thơ |
|---|
| LEADER | 00533nam a2200181Ia 4500 | ||
|---|---|---|---|
| 001 | CTU_53238 | ||
| 008 | 210402s9999 xx 000 0 und d | ||
| 082 | |a 428.24 | ||
| 082 | |b H513 | ||
| 100 | |a Nguyễn Quốc Hùng | ||
| 245 | 0 | |a People you meet : Những người ta gặp; T2 | |
| 245 | 0 | |c Nguyễn Quốc Hùng | |
| 260 | |a H. | ||
| 260 | |b Văn Hoá | ||
| 260 | |c 1996 | ||
| 650 | |a english language | ||
| 650 | |x textbooks for foreign speakers | ||
| 980 | |a Trung tâm Học liệu Trường Đại học Cần Thơ | ||